LIBRARY & INFORMATION CENTRE, KCAET, TAVANUR

ONLINE PUBLIC ACCESS CATALOGUE (OPAC)

Reliability for technology engineering and management / (Record no. 2994)

MARC details
000 -LEADER
fixed length control field 00402cam a2200157ua 4500
003 - CONTROL NUMBER IDENTIFIER
control field OSt
008 - FIXED-LENGTH DATA ELEMENTS--GENERAL INFORMATION
fixed length control field 240213b |||||||| |||| 00| 0 eng d
041 ## - LANGUAGE CODE
Language code of text/sound track or separate title eng
082 ## - DEWEY DECIMAL CLASSIFICATION NUMBER
Classification number 620.0045
Item number KAL/RE
100 ## - MAIN ENTRY--AUTHOR NAME
Personal name Kales, Paul .
245 ## - TITLE STATEMENT
Title Reliability for technology engineering and management /
250 ## - EDITION STATEMENT
Edition statement 1 /
260 ## - PUBLICATION, DISTRIBUTION, ETC. (IMPRINT)
Place of publication Ohio :
Name of publisher Prentice Hall Inc ,
Year of publication 1998.
300 ## - PHYSICAL DESCRIPTION
Number of Pages 392 ; .
942 ## - ADDED ENTRY ELEMENTS (KOHA)
Koha item type Books
Holdings
Withdrawn status Lost status Damaged status Home library Current library Date acquired Full call number Accession Number Koha item type
      KAUAET Central Prison Tavanur 07/04/2012 620.0045 KAL/RE 20380 Books
free website counter